|
|
|
|
| LEADER |
00000nab a2200000 a 4500 |
| 001 |
vtls000846283 |
| 003 |
SK-MaSNL |
| 005 |
20260302164759.0 |
| 008 |
140403c2003 xo 0 slo |
| 015 |
|
|
|a SNBRB2003/09-23313
|
| 035 |
|
|
|a CLN000197938
|
| 040 |
|
|
|a SNKBUCL
|b slo
|c SNKBUCL
|e AACR2
|
| 041 |
0 |
|
|a slo
|
| 044 |
|
|
|a xo
|c SK
|
| 080 |
|
|
|a 821.214.32-1
|2 1997
|
| 100 |
1 |
|
|a Thákur, Rabíndranáth,
|d 1861-1941
|4 aut
|
| 245 |
1 |
0 |
|a Milencov dar
|c Rabindranáth Thákur ; preložil Jján Litvák
|
| 504 |
|
|
|a Biogr. údaje
|
| 650 |
0 |
7 |
|a ľúbostné básne, bengálske
|2 snkbucl
|9 25922
|
| 655 |
|
7 |
|a články z novín a časopisov
|2 snkbucl
|9 267496
|
| 700 |
1 |
|
|a Litvák, Ján,
|d 1965-
|4 trl
|9 100526
|
| 773 |
0 |
|
|t Fragment
|g Roč. 17, č. 1-2 (2003), s. 69-74
|
| 850 |
|
|
|a Slovenská národná knižnica v Martine
|
| 852 |
|
|
|a SNK
|b KIS3GCP
|
| 958 |
|
|
|a LX
|
| 958 |
|
|
|a IN
|
| 992 |
|
|
|a RBX
|
| 999 |
|
|
|c 1387864
|d 1389794
|